书目信息 |
| 题名: |
冰火棱镜
|
|
| 作者: | 杨玉琪 著 | |
| 分册: | ||
| 出版信息: | 芜湖 安徽师范大学出版社 2016 |
|
| 页数: | 417页 | |
| 开本: | 24cm | |
| 丛书名: | ||
| 单 册: | ||
| 中图分类: | I267 , K825.72=76 | |
| 科图分类: | ||
| 主题词: | 散文集--san wen ji--中国--当代 , 画家--hua jia--生平事迹--中国--现代 | |
| 电子资源: | ||
| ISBN: | 978-7-5676-2546-4 | |
| 000 | 01141nam0 22002771 450 | |
| 001 | 1730286684 | |
| 005 | 20170525101458.0 | |
| 010 | @a978-7-5676-2546-4@dCNY89.00 | |
| 100 | @a20160928d2016 em y0chiy50 ea | |
| 101 | 0 | @achi |
| 102 | @aCN@b340000 | |
| 105 | @aa z 000cd | |
| 106 | @ar | |
| 200 | 1 | @a冰火棱镜@Abing huo leng jing@e画家杨玉琪的多味人生@f杨玉琪著 |
| 210 | @a芜湖@c安徽师范大学出版社@d2016 | |
| 215 | @a417页@c图,照片@d24cm | |
| 330 | @a本书是画家杨玉琪的自传体散文作品集。书中记述了作者从一名普通画家成长为世界级名人的人生道路,特别是描写了自己1990年后移居加拿大的生活见闻,对自己初到异国因不懂外语而产生的种种误会和尴尬也作了直白的描写。也记述了对家人的爱心,还记述了异国他乡许多虽素不相识但能热情助人的各种人和事。 | |
| 517 | 1 | @a画家杨玉琪的多味人生@Ahua jia yang yu qi de duo wei ren sheng |
| 606 | 0 | @a散文集@Asan wen ji@y中国@z当代 |
| 606 | 0 | @a画家@Ahua jia@x生平事迹@y中国@z现代 |
| 610 | 0 | @a杨玉琪(1946- )@Ayang yu qi (1946- ) |
| 690 | @aI267@v5 | |
| 690 | @aK825.72=76@v5 | |
| 701 | 0 | @a杨玉琪@Ayang yu qi@f(1946~)@4著 |
| 801 | 0 | @aCN@bTANG WEI@c20170522 |
| 905 | @b0968658-62@dI267@e2322@f5 | |
| 冰火棱镜:画家杨玉琪的多味人生/杨玉琪著.-芜湖:安徽师范大学出版社,2016 |
| 417页:图,照片;24cm |
| ISBN 978-7-5676-2546-4:CNY89.00 |
| 本书是画家杨玉琪的自传体散文作品集。书中记述了作者从一名普通画家成长为世界级名人的人生道路,特别是描写了自己1990年后移居加拿大的生活见闻,对自己初到异国因不懂外语而产生的种种误会和尴尬也作了直白的描写。也记述了对家人的爱心,还记述了异国他乡许多虽素不相识但能热情助人的各种人和事。 |
| ● |
| 相关链接 |
|
|
|
|
正题名:冰火棱镜
索取号:I267/2322
 
预约/预借
| 序号 | 登录号 | 条形码 | 馆藏地/架位号 | 状态 | 备注 |
| 1 | 0968658 | 209686589 | 第一样本阅览室/ [索取号:I267/2322] | 在馆 | |
| 2 | 0968659 | 209686598 | 第二借阅区/ [索取号:I267/2322] | 在馆 | |
| 3 | 0968660 | 209686605 | 第二借阅区/ [索取号:I267/2322] | 在馆 | |
| 4 | 0968661 | 209686614 | 第二借阅区/ [索取号:I267/2322] | 在馆 | |
| 5 | 0968662 | 209686623 | 第二借阅区/ [索取号:I267/2322] | 在馆 |